| 000 | 00769nam a2200229 a 4500 | ||
|---|---|---|---|
| 001 | 790 | ||
| 003 | CDMR | ||
| 005 | 20130531105518.0 | ||
| 008 | 130130s2000||||||||||||||||||||||||||||d | ||
| 020 | _a848978132X | ||
| 040 |
_aCDMR _bcat _cCPC LLEIDA |
||
| 245 | 1 | 0 |
_aDones i mitjans de comunicació a Lleida _ccoord. Sílvia Puertas ; fotografies, Manel Rey ; textos, Jesús Riverola Masó, Mercè Hervàs |
| 260 |
_aLleida _c2000 _bAjuntament de Lleida |
||
| 300 |
_a207 p. _bil. fot. b/n |
||
| 650 | 0 | 4 |
_92913 _aDones periodistes _zLleida _vIntervius |
| 700 | 1 |
_93614 _aPuertas, Sílvia _ecoord. |
|
| 700 | 1 |
_93615 _aRey, Manel |
|
| 700 | 1 |
_93616 _aRiverola Masó, Jesús _epr. |
|
| 700 | 1 |
_93617 _aHervàs, Mercè |
|
| 710 | 1 |
_9363 _aLleida _b -- Ajuntament |
|
| 942 |
_cMON _2udc |
||
| 999 |
_c790 _d790 |
||